Statistics for The most spoken native languages in the Americas

Click here to take the quiz!

General Stats

  • This quiz has been taken 24 times
  • The average score is 9 of 14

Answer Stats

MilhõesLíngua% Correct
265English
92%
10French
92%
205Portuguese
92%
430Spanish
92%
3.9German
75%
3.2Mandarin
75%
6.5Guaraní
71%
2.5Aymara
63%
8.5Quechua
63%
4.8Italian
58%
12Haitian Creole
54%
2.2Náhuatl
50%
1.7Tagalog
38%
2.3K’iche’
17%

Score Distribution

Percentile by Number Answered

Percent of People with Each Score

Your Score History

You have not taken this quiz